Barkhausen noise sensor

Salvato in:
Dettagli Bibliografici
Autore principale: Wangui, Eunice Wanjiku (Autore)
Altri autori: Jančárik, Vladimír (Relatore della tesi)
Natura: Manoscritto Libro
Lingua:slovacco
inglese
Pubblicazione: Bratislava : STU v Bratislave FEI, 2022
Soggetti:
Accesso online:https://opac.crzp.sk/?fn=detailBiblioForm&sid=72A4E145D65F5DA0B649350B29C0&seo=CRZP-detail-kniha
Tags: Aggiungi Tag
Nessun Tag, puoi essere il primo ad aggiungerne!!

MARC

LEADER 00000ntm a22000003a 4500
001 stuzp84941
003 SK-STU
005 20221121135231.9
007 ta
008 150427s2015----xo-----f-mn---000-0-slo-d
040 |a STU  |b slo 
041 0 |a eng 
044 |a xo 
100 1 |a Wangui, Eunice Wanjiku  |u 034000  |4 aut  |U FEI Fakulta elektrotechniky a informatiky  |T FEI Ústav elektrotechniky  |X 91980  |U E040  |Y 550  |7 91980 
242 0 1 |a Barkhausenov šum snímač  |y slo 
245 1 0 |a Barkhausen noise sensor 
260 |a Bratislava :  |b STU v Bratislave FEI,  |c 2022 
300 |a 36 s. 
650 4 |a Barkhausenov šum  |2 slo 
650 4 |a Red Pitaya  |2 slo 
650 4 |a snímacia cievka  |2 slo 
650 4 |a Barkhausen Noise (BN)  |2 eng 
650 4 |a Red Pitaya  |2 eng 
650 4 |a sensing coil  |2 eng 
700 1 |a Jančárik, Vladimír  |u 034000  |k Z1  |4 ths  |U FEI Fakulta elektrotechniky a informatiky  |T FEI Ústav elektrotechniky  |X 1862  |U E040  |Y 550  |7 A000001862 
856 4 |u https://opac.crzp.sk/?fn=detailBiblioForm&sid=72A4E145D65F5DA0B649350B29C0&seo=CRZP-detail-kniha